| 000 | 00483nam a22001697a 4500 | ||
|---|---|---|---|
| 003 | PILC | ||
| 005 | 20150112093441.0 | ||
| 008 | 130227t xxu||||| |||| 00| 0 eng d | ||
| 022 | _29812471863 | ||
| 050 |
_aTS 155 _b.H473 2005 |
||
| 082 |
_aG 658.521 _b.H365 2005 |
||
| 100 |
_aHeizer, Jay _919219 |
||
| 245 |
_aGeneral principles in operations management / _cJay Heizer |
||
| 260 |
_a(Singapore :) _bPearson, _c2005. |
||
| 300 |
_a769 [39] pages : _bill. _c24 cm. |
||
| 942 |
_2lcc _cBK |
||
| 999 |
_c14763 _d14763 |
||